Statistics for Countries with the Least Economic Freedom

Click here to take the quiz!

General Stats

  • This quiz has been taken 343 times
    (195 since last reset)
  • The average score is 9 of 18

Answer Stats

ScoreCountry% Correct
5.2North Korea
91%
28.1Cuba
74%
47.2Iran
73%
49.0Democratic Republic of the Congo
71%
39.1Sudan
68%
24.7Venezuela
68%
42.3Eritrea
57%
48.8Central African Republic
55%
47.4Turkmenistan
47%
39.5Zimbabwe
47%
49.7Algeria
39%
49.9Burundi
39%
42.7Bolivia
35%
49.2Liberia
33%
49.2Equatorial Guinea
27%
46.4Suriname
24%
44.7East Timor
19%
44.4Kiribati
13%

Score Distribution

Percentile by Number Answered

Percent of People with Each Score

Your Score History

You have not taken this quiz since the last reset